'Battle of the forms' raises its head, again (Record no. 82618)

MARC details
000 -LEADER
fixed length control field 00848cad a22002055a 4500
001 - CONTROL NUMBER
control field E150725
008 - FIXED-LENGTH DATA ELEMENTS--GENERAL INFORMATION
fixed length control field 100824s2010 xxk 000 0 eng d
035 ## - SYSTEM CONTROL NUMBER
System control number (Sirsi) u150725
041 0# - LANGUAGE CODE
Language code of text/sound track or separate title eng
100 1# - MAIN ENTRY--PERSONAL NAME
Personal name Wood, Laura
245 01 - TITLE STATEMENT
Title 'Battle of the forms' raises its head, again
Medium [electronic resource]
260 ## - PUBLICATION, DISTRIBUTION, ETC.
Date of publication, distribution, etc. 2010
490 ## - SERIES STATEMENT
Series statement Law-Now Article
520 ## - SUMMARY, ETC.
Summary, etc. Discusses the case GHSP Inc v AB Electronic Ltd [2010] EWHC 1828 (Comm), which highlights the need for negotiations on which standard terms apply to your contract, and what they say, to take place before the contract is signed.
590 ## - LOCAL NOTE (RLIN)
Local note KA
651 #4 - SUBJECT ADDED ENTRY--GEOGRAPHIC NAME
Geographic name England
Chronological subdivision 886-
690 ## - LOCAL SUBJECT ADDED ENTRY--TOPICAL TERM (OCLC, RLIN)
Topical term or geographic name as entry element LAW
856 40 - ELECTRONIC LOCATION AND ACCESS
Uniform Resource Identifier <a href="https://www.law-now.com/DirectMail/%7B99FC5519-3C00-4EC3-871F-5B3851F80A5C%7D_emailbattleformsaug10.htm">https://www.law-now.com/DirectMail/%7B99FC5519-3C00-4EC3-871F-5B3851F80A5C%7D_emailbattleformsaug10.htm</a>
Public note View the article free of charge at www.law-now.com
942 ## - ADDED ENTRY ELEMENTS (KOHA)
Suppress in OPAC 0
Holdings
Withdrawn status Lost status Source of classification or shelving scheme Damaged status Not for loan Home library Current library Shelving location Date acquired Total Checkouts Full call number Barcode Date last seen Copy number Price effective from Koha item type
    Dewey Decimal Classification     Virtual Virtual Online 24/08/2010   ONLINE PUBLICATION 150725-2001 06/08/2019 1 06/08/2019 Journal article